Κρατικός καπιταλισμός στη Ρωσία
Αποθηκεύτηκε σε:
| Κύριος συγγραφέας: | |
|---|---|
| Άλλοι συγγραφείς: | |
| Μορφή: | Βιβλίο |
| Γλώσσα: | Greek |
| Δημοσίευση: |
Αθήνα :
Παρουσία,
1983
|
| Θέματα: | |
| Ετικέτες: |
Προσθήκη ετικέτας
Δεν υπάρχουν, Καταχωρήστε ετικέτα πρώτοι!
|
MARC
| LEADER | 00000nam a2200000 i 4500 | ||
|---|---|---|---|
| 001 | 1/89614 | ||
| 008 | 961115s1983 gre d | ||
| 035 | |l 10007258 | ||
| 040 | |a GR-MY-UA |b gre |e aacr | ||
| 041 | 0 | |a gre | |
| 082 | 0 | |a 335.430947 | |
| 100 | 1 | |a Cliff, Tony. | |
| 245 | 1 | 0 | |a Κρατικός καπιταλισμός στη Ρωσία / |c Τόνι Κλιφ ; Μετάφραση Αντρέα Μιαούλη |
| 260 | |a Αθήνα : |b Παρουσία, |c 1983 | ||
| 300 | |a 326 σ. | ||
| 650 | 0 | 0 | |a Communism |z Soviet Union. |
| 650 | 0 | 0 | |a Communist state. |
| 651 | 0 | |a Soviet Union |x Economic conditions. | |
| 700 | 1 | |a Μιαούλης, Αντρέας. |4 trl | |
| 852 | |a INST |b LESVOS |e 19961115 |h 335.430947 KLI |p 005100012485 |q 005100012485 |t BK |y 0 | ||
| 909 | |a Λ |b 011245 | ||